| 000 | 02340cam a2200397 a 4500 | ||
|---|---|---|---|
| 999 |
_c329730 _d329730 |
||
| 001 | 14825492 | ||
| 003 | NUST | ||
| 005 | 20170518163744.0 | ||
| 008 | 070427s2008 enk b 001 0 eng | ||
| 010 | _a 2007017713 | ||
| 015 |
_aGBA708136 _2bnb |
||
| 016 | 7 |
_a013655616 _2Uk |
|
| 020 | _a9780415393683 (hardback : alk. paper) | ||
| 020 | _a041539368X (hardback : alk. paper) | ||
| 020 | _a9780415393690 (pbk. : alk. paper) | ||
| 020 | _a0415393698 (pbk. : alk. paper) | ||
| 020 | _a9780203965740 (ebook) | ||
| 020 | _a0203965744 (ebook) | ||
| 035 | _a(OCoLC)ocm81452964 | ||
| 035 | _a(OCoLC)81452964 | ||
| 040 |
_aDLC _cDLC _dUKM _dBTCTA _dBAKER _dBWKUK _dBWK _dYDXCP _dOCLCQ _dDLC |
||
| 043 | _ae-uk-en | ||
| 050 | 0 | 0 |
_aKD1641 _b.M87 2008 |
| 082 | 0 | 0 |
_a343.4107862 MUR _222 |
| 100 | 1 |
_aMurdoch, J. R. _91150 |
|
| 245 | 1 | 0 |
_aConstruction contracts : _blaw and management / _cJohn Murdoch and Will Hughes. |
| 250 | _a4th ed. | ||
| 260 |
_aLondon ; _aNew York : _bTaylor & Francis, _c2008. |
||
| 300 |
_axxvi, 401 p. ; _c24 cm. |
||
| 504 | _aIncludes bibliographical references (p. [383]-387) and indexes. | ||
| 505 | 0 | _aUK construction industry context -- Roles and relationships -- General contracting -- Design and build -- Management contracting -- Construction management -- Procurement methods and risk allocation -- Contract choice -- Tendering and contract formation -- Liability in contract and tort -- Contractor's obligations -- Employer's obligations -- Responsibility for design -- Time -- Payment -- Contractors' claims for loss and expense -- Insurance and bonds -- Role of the contract administrator -- Sub-contracts -- Employer-selected sub-contractors -- Financial remedies for breach of contract -- Defective buildings and subsequent owners -- Suspension and termination of contracts -- Non-adversarial dispute resolution -- Adversarial dispute resolution. | |
| 650 | 0 |
_aConstruction contracts _zEngland. _91026 |
|
| 700 | 1 |
_aHughes, Will _q(William Paul), _d1956- _91151 |
|
| 856 | 4 | 1 |
_3Table of contents only _uhttp://www.loc.gov/catdir/toc/ecip0716/2007017713.html |
| 906 |
_a7 _bcbc _corignew _d1 _eecip _f20 _gy-gencatlg |
||
| 942 |
_2ddc _cBK |
||